| 000 | 01143cam a2200229 4500 | ||
|---|---|---|---|
| 001 | ABS65326 | ||
| 008 | 020508n2002 000 0 eng u | ||
| 035 | _a(Sirsi) u117856 | ||
| 100 | _aFairley, M | ||
| 245 | _aAmendments to Part H | ||
| 260 | _c2002 | ||
| 490 |
_aBuilding Engineer _v77(4) April 2002, 24-26(3) |
||
| 520 | _aDetailed summary of provisions of new Part H amendments of Building Regulations, which offer practical and long-term approach to drainage and waste disposal issues. Areas addressed are foul drainage, wastewater treatment systems and cesspools, rainwater drainage, building over sewers, separate systems of drainage and solid waste storage. Looks at issue of sustainable drainage, and concludes amendments move forward progress of sustainable drainage. Approved document available at http://www.safety.dtlr.gov.uk/bregs/brads.htm | ||
| 590 | _aABS | ||
| 650 | _aWASTE DISPOSAL | ||
| 650 | _aDRAINAGE | ||
| 650 |
_aBUILDING REGULATIONS _96224 |
||
| 650 | _aBUILDING REGULATIONS 2000 APPROVED DOCUMENT H (2002 EDITION) | ||
| 650 |
_aSustainability _96271 |
||
| 690 |
_aBlock management _96220 |
||
| 942 | _n0 | ||
| 999 |
_c70182 _d70182 |
||